Taylor Swift song - one word at the time #20 - Statistics

General Stats
  • This quiz has been taken 11 times
  • The average score is 391 of 421
Answer Stats
Answer % Correct
All
100%
all
100%
And
100%
and
100%
are
100%
as
100%
at
100%
baby
100%
bad
100%
can't
100%
could
100%
Do
100%
do
100%
Don't
100%
ever
100%
for
100%
fun
100%
Hey
100%
hot
100%
I
100%
I'd
100%
I'm
100%
In
100%
in
100%
it
100%
it's
100%
know
100%
me
100%
mind
100%
mine
100%
my
100%
of
100%
on
100%
one
100%
Ooh
100%
That
100%
the
100%
they
100%
They
100%
they'd
100%
think
100%
to
100%
two
100%
was
100%
We
100%
what
100%
when
100%
who
100%
why
100%
would
100%
you
100%
You
100%
your
100%
You're
100%
you're
100%
anything
86%
Athénée
86%
away
86%
Babe
86%
be
86%
Be
86%
Been
86%
best
86%
booth
86%
bright
86%
But
86%
but
86%
called
86%
Cartier
86%
cry
86%
Elizabeth
86%
doesn't
86%
dry
86%
Elizabeth
86%
Elizabeth Taylor
86%
everything
86%
eyes
86%
feel
86%
forever
86%
Frank's
86%
get
86%
girl
86%
glamorous
86%
Goodbye
86%
guys
86%
had
86%
has
86%
hates
86%
have
86%
high
86%
hit
86%
Hollywood
86%
hypnotized
86%
if
86%
If
86%
Just
86%
just
86%
kidding
86%
last
86%
leave
86%
letters
86%
lights
86%
like
86%
Look
86%
lovers
86%
Musso
86%
never
86%
news
86%
nothing
86%
number
86%
NY
86%
oftentimes
86%
once
86%
only
86%
Plaza
86%
Portofino
86%
possibly
86%
promised
86%
real
86%
right
86%
said
86%
say
86%
so
86%
someone
86%
stay
86%
Taylor
86%
Tell
86%
Thanks
86%
their
86%
The Life Of A Showgirl
86%
trade
86%
trust
86%
Under
86%
up
86%
view
86%
violet
86%
withered
86%
bloom
71%
diamonds
71%
end
71%
minds
71%
papers
71%
screen
71%
white
71%
No matching quizzes found
Score Distribution
Percent of People with Each Score
Percentile by Number Answered
Your Score History
You have not taken this quiz